000 00768cab a2200241 4500
001 WB3123-30
008 090401t1995 xxu||||| |||| 00| 0 eng d
035 _a(Sirsi) u3085
041 _aeng
245 _aLocal Government Residuary Body
260 _c1995
350 _a0
490 _aDoE News Release
_v(285) 13 June 1995 (2)
520 _aRoy Swanston will be the first chairman of the Local Government Residuary Body (England), which has been established to organise the disposal of surplus property after the restructuring of local authorities.
650 _aLOCAL AUTHORITIES
650 _aRICS PRESIDENT
650 _aSURPLUS LAND
650 _aSURPLUS PROPERTY
650 _aSWANSTON ROY
690 _aLAND
942 _n0
948 _c04/03/1997
999 _c1866
_d1866